000 00927nam a2200217Ia 4500
999 _c37658
_d37658
001 3630
003 GE_BSU
005 20190603174736.0
008 181216s1990||||ge |||||||||||||| ||geo||
040 _cGE_BSU
080 _a517.52 ფ–69
100 _aფიცხელაური, .
_92021
245 _aფუნქციათა მწკრივები : ლექციების კურსი /
_cთ. ფიცხელაური ; ნ. ხომერიკი ; რედ : თ. ცისკარიშვილი.
264 _aთბილისი :
_bსტუ,
_c1990.
300 _a31 გვ .:
_c20 სმ.
504 _aბიბლიოგრ.: გვ.31
653 _aფუნქციათა მწკრივები
700 _aხომერიკი, ნ
_91720
700 _aცისკარიშვილი, თ
_eრედაქტორი
_92022
942 _cBK
_2udc